Normal view
MARC view
- Project Supervisor Usman Asad Kanwal Naveed Mohsin Islam Tiwana
Entry Corporate Name
001 - CONTROL NUMBER
- control field: 100729
003 - CONTROL NUMBER IDENTIFIER
- control field: NUST
005 - DATE AND TIME OF LATEST TRANSACTION
- control field: 20221019093614.0
008 - FIXED-LENGTH DATA ELEMENTS
- fixed length control field: 221019|| aca||aabn | a|a d
040 ## - CATALOGING SOURCE
- Original cataloging agency: NUST
- Transcribing agency: NUST
110 ## - HEADING--CORPORATE NAME
- Corporate name or jurisdiction name as entry element: Project Supervisor Usman Asad Kanwal Naveed Mohsin Islam Tiwana
670 ## - SOURCE DATA FOUND
- Source citation: Work cat.: (NUST): Kanuz Khan Aun Muhammad Abdullah Muhammad Aleem Anwar 100728, PR-SOF-2141-Human Interactive Robot, 2022.
